Seed germination and early seedling establishment of some elephant-dispersed species in Banyang-Mbo Wildlife Sanctuary, South-Western Cameroon /

Spremljeno u:
Bibliografski detalji
Glavni autor: Nchanji, Anthony Chifu.
Daljnji autori: Plumptre, Andrew J.
Format: Članak
Jezik:English
Teme:
Oznake: Dodaj oznaku
Bez oznaka, Budi prvi tko označuje ovaj zapis!
Thư viện lưu trữ: Thư viện Trường Đại học Đà Lạt
LEADER 00973nam a2200301 4500
001 DLU090095796
005 ##20091201
040 # # |a DLU  |b eng 
041 # # |a eng 
044 # # |a uk 
100 # # |a Nchanji, Anthony Chifu.  
245 # # |a Seed germination and early seedling establishment of some elephant-dispersed species in Banyang-Mbo Wildlife Sanctuary, South-Western Cameroon /  |c Anthony Chifu Nchanji, Andrew J. Plumptre. 
653 # # |a Central Africa  
653 # # |a Dung 
653 # # |a Endozoochory 
653 # # |a Forest soil 
653 # # |a Tropical rain forest 
700 # # |a Plumptre, Andrew J.  
773 # # |t Journal of Tropical Ecology  |g Vol. 19, part 3 (May 2003), p. 229-237 
920 # # |a Phòng Tạp chí -- Trung tâm Thông tin - Thư viện Trường Đại học Đà Lạt 
994 # # |a DLU 
900 # # |a True 
911 # # |a Trương Bảo Trâm Anh 
925 # # |a G 
926 # # |a A 
927 # # |a BB 
980 # # |a Thư viện Trường Đại học Đà Lạt